les pays les moins racistes - Statistiques

Statistiques générales
  • Ce quiz a été pris 58 fois
  • Le résultat moyen est 5 sur 10
Statistiques - réponses
Place Pays % Correct
1 Canada
81%
4 Norvège
69%
3 Suède
64%
7 Finlande
55%
6 Danemark
48%
5 Islande
45%
8 Pays-Bas
40%
10 Irlande
33%
9 Luxembourg
26%
2 Nouvelle-Zélande
26%
Aucun quiz correspondant
Distribution des résultats
% des personnes avec chaque résultat
Percentile par nombre de réponses
Votre historique - résultats
Vous n’avez pas pris ce quiz